000 006340000a22002050004500
090 _aAR
_b00646
245 1 0 _aFruit fall in the luquillo experimental forest, Puerto Rico
650 1 4 _aFenología
_992807
650 1 4 _aArboles tropicales
_993757
650 1 4 _aProducción de frutas
_993758
650 1 4 _aBosques tropicales
_992765
650 1 4 _aLoros
_993759
651 4 _lLuquillo
_pPuerto Rico
_992749
653 _gAmazona
_eAmazona vittata
_vcotorra puertoriqueña
041 0 _aInglés
700 1 _aFrangi, Jorge L.
_993760
100 1 _aLugo, Ariel E.
_992783
942 _cARTICULO
773 1 _tBiotropica
_39
_h1
_q73-84
_d1993
_g25
999 _c9738
_d9738